000 00821cab a22002175a 4500
001 L158735
008 150113e2015 xxk 000 0 eng d
035 _a(Sirsi) u158735
041 0 _aeng
100 1 _aFleck, Julie
245 0 0 _aGaining access
_h[electronic resource]
260 _c2015
490 _aRICS Building Surveying Journal
_vJuly 2015- August 2015, 22-23 (2)
520 _aReports on the Built Environment Professional Education project and its aim to make delivering an inclusive environment the norm not the exception.
650 2 4 _aACCESSIBLE BUILDINGS
650 2 4 _aINCLUSIVE DESIGN
651 4 _aUnited Kingdom
_y
690 _aBuilding regulations
_96224
856 4 0 _uhttps://www.rics.org/Global/Building_Surveying_Journal_July_August_2015.pdf
_zView the article at www.rics.org
942 _n0
999 _c84670
_d84670